Central Library OPAC University of Rajshahi

تاريخ الدولة العثمانية العلمية ;; Tārīkh al-Dawlah al-ʻUthmānīyah Al alamia / (Record no. 77963)

MARC details
000 -LEADER
fixed length control field 00973cam a22002654a 4500
001 - CONTROL NUMBER
control field 77963
003 - CONTROL NUMBER IDENTIFIER
rucl marc code BD-RjUL
005 - DATE AND TIME OF LATEST TRANSACTION
control field 20211209083055.0
008 - FIXED-LENGTH DATA ELEMENTS--GENERAL INFORMATION
fixed length control field 210223s20041325ua ab b 000 0 ara
020 ## - INTERNATIONAL STANDARD BOOK NUMBER
Canceled/invalid ISBN 977382149
035 ## - SYSTEM CONTROL NUMBER
System control number (BD-RjUL) 78189
040 ## - CATALOGING SOURCE
Original cataloging agency DLC-R
Transcribing agency DLC-R
Modifying agency DLC
Language of cataloging eng
041 ## - LANGUAGE CODE
Language code of text/sound track or separate title ARA
082 ## - DEWEY DECIMAL CLASSIFICATION NUMBER
Edition number 23
Classification number 956.1015
Author mark and year HAD 2004
100 1# - MAIN ENTRY--PERSONAL NAME
Personal name حليم, ابراهيم بك ;; Halim, Ibrahim Bey
9 (RLIN) 245100
245 10 - TITLE STATEMENT
Title تاريخ الدولة العثمانية العلمية ;; Tārīkh al-Dawlah al-ʻUthmānīyah Al alamia /
Statement of responsibility, etc. ابراهيم بك حليم ;; Ibrahim Bay halim
250 ## - EDITION STATEMENT
Edition statement al-Ṭabʻah 1
Edition statement طبعة مزيدة ومنقحة
Edition statement طبعة مؤسسة المختار
260 ## - PUBLICATION, DISTRIBUTION, ETC. (IMPRINT)
Place of publication, distribution, etc. al-Qāhirah :
Name of publisher, distributor, etc. muassat al Mukhtarʻ,
Date of publication, distribution, etc. 2004.
300 ## - PHYSICAL DESCRIPTION
Pagination 384 p. :
Illustrations ill., maps ;
Size 24 cm.
504 ## - BIBLIOGRAPHY, ETC. NOTE
Bibliography, etc Includes bibliographical references
651 #0 - SUBJECT ADDED ENTRY--GEOGRAPHIC NAME
Geographic name Turkey
General subdivision History
Chronological subdivision Ottoman Empire, 1288-1918.
9 (RLIN) 245101
942 ## - ADDED ENTRY ELEMENTS (KOHA)
Source of classification or shelving scheme Dewey Decimal Classification
Koha item type Books
Holdings
Lost status Source of classification or shelving scheme Damaged status Not for loan Collection code Permanent Location Current Location Shelving location Date acquired Source of acquisition Cost, normal purchase price Total Checkouts Full call number Date last seen Copy number Koha item type
  Dewey Decimal Classification   Not For Loan Non-fiction Central Library, University of Rajshahi Central Library, University of Rajshahi Reading Room 18/11/2009 Ahsania mission , Dhaka 500.00   A 956.1015 HAD 2004 23/02/2021 C-1 Books